Statistics for NBA2K18 Player Ratings

Click here to take the quiz!

General Stats

  • This quiz has been taken 709 times
    (537 since last reset)
  • The average score is 20 of 20

Answer Stats

PlayerAnswer% Correct
Demar DeRozan89
100%
Damian Lillard89
100%
Isaiah Thomas89
100%
Devin Booker85
99%
Kristaps Porzingis86
99%
Joel Embiid86
99%
Kyrie Irving90
99%
John Wall90
99%
Paul George91
99%
Karl-Anthony Towns91
99%
Stephen Curry94
99%
Kevin Durant96
99%
Dwight Howard81
98%
Gordon Hayward88
98%
Ben McLemore73
97%
Darren Collison73
97%
Nick Young74
97%
Markelle Fultz80
97%
Lonzo Ball80
97%
D Angelo Russell80
97%

Score Distribution

Percentile by Number Answered

Percent of People with Each Score

Your Score History

You have not taken this quiz since the last reset